Leprosy in south India stigma and strategies of coping (Record no. 16438)
[ view plain ]
| 000 -LEADER | |
|---|---|
| fixed length control field | 00461nam a2200145Ia 4500 |
| 082 ## - DEWEY DECIMAL CLASSIFICATION NUMBER | |
| Classification number | 614.54609548 BRU-; |
| 100 ## - MAIN ENTRY--AUTHOR NAME | |
| Personal name | Bruin, Hanne M.de |
| 245 #0 - TITLE STATEMENT | |
| Title | Leprosy in south India stigma and strategies of coping |
| 260 ## - PUBLICATION, DISTRIBUTION, ETC. (IMPRINT) | |
| Place of publication | Pondichery |
| Name of publisher | Institut Francais de Pondichery |
| Year of publication | 1996 |
| 300 ## - PHYSICAL DESCRIPTION | |
| Number of Pages | 103p. |
| 440 ## - SERIES STATEMENT/ADDED ENTRY--TITLE | |
| Title | Pondy paper in social sciences; 22 |
| 650 ## - SUBJECT ADDED ENTRY--TOPICAL TERM | |
| Topical Term | Lepers - Social conditions - India, South |
| 650 ## - SUBJECT ADDED ENTRY--TOPICAL TERM | |
| Topical Term | Leprosy - Research - India, South |
| 942 ## - ADDED ENTRY ELEMENTS (KOHA) | |
| Koha item type | Books |
| Withdrawn status | Lost status | Damaged status | Not for loan | Home library | Current library | Date acquired | Bill Date | Full call number | Accession Number | Price effective from | Koha item type |
|---|---|---|---|---|---|---|---|---|---|---|---|
| NASSDOC Library | NASSDOC Library | 08/06/2004 | 2008-12-30 | 614.54609548 BRU-; | 36255 | 18/04/2019 | Books |
